Normal view
MARC view
- Rathinavel , s
Entry Personal Name
001 - CONTROL NUMBER
- control field: 5137
003 - CONTROL NUMBER IDENTIFIER
- control field: OSt
005 - DATE AND TIME OF LATEST TRANSACTION
- control field: 20211214142758.0
008 - FIXED-LENGTH DATA ELEMENTS
- fixed length control field: 211214|| aca||aabn | a|a d
040 ## - CATALOGING SOURCE
- Original cataloging agency: OSt
- Transcribing agency: OSt
100 ## - HEADING--PERSONAL NAME
- Personal name: Rathinavel , s
670 ## - SOURCE DATA FOUND
- Source citation: Work cat.: (OSt): Rathinavel , s, Design Analysis of Suitable Cutter Header Assembly for Pokkali Paddy Harvester, 2021
